Clickable 1-20 Quiz Stats

 Plays Quiz not verified by Sporcle

Score 0/210 Timer 10:00
0 Plays Today
% Correct
1
98.4%
2
94.3%
2
94.2%
3
88.3%
3
88.3%
3
87.7%
4
83.2%
4
83.1%
4
83.1%
4
82.6%
5
78.3%
5
78.1%
5
78%
5
77.7%
5
77.4%
6
72.3%
6
72%
6
71.9%
6
71.7%
6
71.6%
6
71.1%
7
69.4%
7
69.2%
7
69%
7
69%
7
69%
7
68.9%
7
68.8%
8
67.7%
8
67.6%
8
67.5%
8
67.5%
8
67.5%
8
67.5%
8
67.2%
8
66.9%
9
66.3%
9
66.1%
9
66.1%
9
66.1%
9
66.1%
9
66.1%
9
66.1%
9
66%
9
65.9%
10
65%
10
64.8%
10
64.8%
10
64.6%
10
64.6%
10
64.6%
10
64.6%
10
64.5%
10
64.4%
10
64.4%
11
63.5%
11
63.4%
11
63.4%
11
63.4%
11
63.4%
11
63.3%
11
63.3%
11
63.3%
11
63.3%
11
63.1%
12
63.1%
11
63%
12
62.9%
12
62.8%
12
62.8%
% Correct
12
62.8%
12
62.7%
12
62.7%
12
62.7%
12
62.7%
12
62.6%
12
62.6%
12
62.5%
13
62.1%
13
62.1%
13
61.9%
13
61.9%
13
61.9%
13
61.8%
13
61.8%
13
61.8%
13
61.6%
13
61.5%
13
61.5%
13
61.5%
13
61.4%
14
60.8%
14
60.8%
14
60.8%
14
60.7%
14
60.6%
14
60.6%
14
60.6%
14
60.6%
14
60.5%
14
60.5%
14
60.4%
14
60.4%
14
60.4%
14
60.3%
15
59.4%
15
59.3%
15
59.3%
15
59.3%
15
59.3%
15
59.3%
15
59.3%
15
59.2%
15
59.2%
15
59.2%
15
59.2%
15
59.2%
15
59.1%
15
59.1%
15
59%
16
58.2%
16
58.2%
16
58.1%
16
58%
16
58%
16
58%
16
58%
16
57.9%
16
57.8%
16
57.8%
16
57.7%
16
57.7%
16
57.7%
16
57.6%
16
57.6%
16
57.5%
17
56%
17
56%
17
56%
17
56%
% Correct
17
56%
17
55.9%
17
55.9%
17
55.9%
17
55.9%
17
55.9%
17
55.9%
17
55.8%
17
55.8%
17
55.7%
17
55.7%
17
55.7%
17
55.7%
18
54.6%
18
54.3%
18
54.3%
18
54.3%
18
54.2%
18
54.2%
18
54.2%
18
54.2%
18
54.1%
18
54.1%
18
54.1%
18
54%
18
54%
18
54%
18
54%
18
53.8%
18
53.8%
18
53.8%
19
52.1%
19
52%
19
52%
19
51.9%
19
51.9%
19
51.9%
19
51.9%
19
51.9%
19
51.8%
19
51.8%
19
51.7%
19
51.7%
19
51.7%
19
51.7%
19
51.7%
19
51.6%
19
51.6%
19
51.6%
19
51.3%
20
51.1%
20
51%
20
50.9%
20
50.9%
20
50.8%
20
50.8%
20
50.8%
20
50.8%
20
50.8%
20
50.8%
20
50.8%
20
50.8%
20
50.7%
20
50.7%
20
50.7%
20
50.7%
20
50.6%
20
50.5%
20
50.4%
20
50.4%

You're not logged in!

Compare scores with friends on all Sporcle quizzes.
OR
Log In

Show Comments

Extras

Created Aug 19, 2015ReportNominate
Tags:Clickable Quiz, 1-20, etc

Top Quizzes Today


Score Distribution

Your Account Isn't Verified!

In order to create a playlist on Sporcle, you need to verify the email address you used during registration. Go to your Sporcle Settings to finish the process.

Report this User

Report this user for behavior that violates our Community Guidelines.

Details: